000 00649nam a22002177a 4500
003 OSt
005 20140310181705.0
008 121121t xxu||||| |||| 00| 0 eng d
020 _a0440413699
050 _aPZ 7
_b.Sm642 1978
082 _aKF
_bSm6c 1978
100 _aSmith, Robert Kimmel
_94324
245 _aChocolate Fever /
_cRobert Kimmel Smith ; illustrated by: Gioia Fiammenghi.
260 _aNew York:
_bBantam Doubleday Dell Publishing Group, Inc.,
_c1978.
300 _g19 cm.
_a93 p. ;
541 _j1
562 _e1
650 _aChocolate
_xFiction.
_96949
650 _aHumorous stories.
_93831
942 _2lcc
_cBK-KF
_kKF
999 _c1315
_d1315